• 首页
  • 本馆介绍
  • 公告通知
  • 最新文献
  • 馆藏检索
  • 电子资源
  • 读者导购
  • 参考咨询
  • 我的图书馆
  • 登录
  • 详细信息显示
  • 放入我的书架
  • 预约/预借图书
  • 作者相关作品
  • 分类相关作品
  • 丛书相关作品
  • 出版社相关作品

书目信息

  • 表格格式
  • 工作单格式
  • 卡片格式
题名:
美语与英语的差异
    
 
作者: 郭伯愈 编著
分册:  
出版信息: 北京   商务印书馆  1979
页数: 39页
开本: 19cm
丛书名:
单 册:
中图分类: H312
科图分类:
主题词: 英语--对比研究--英国、美国 , 英语
电子资源:
ISBN:
000 00660nam0 2200241 45
001 0179001282
005 20060911092749.62
010    @dCNY0.13
091    @a9017.843
100    @a19950718d1979 emky0chiy0121 ea
101 0  @achi@aeng
102    @aCN@b110000
105    @ay z 000yy
200 10 @a美语与英语的差异@Amei yu yu ying yu de cha yi@f郭伯愈编著
210    @a北京@c商务印书馆@d1979
215    @a39页@d19cm
606    @a英语@x对比研究@y英国、美国
606 0  @a英语
610 0  @a美语
690    @aH312@v3
701  0 @a郭伯愈@Aguo bo yu@4编著
801  0 @aCN@bNLC@c20060911
905    @f2@b59292-293@f1@b28699@dH312@e190@b28691-698@f8@f1@b28700
    
    美语与英语的差异/郭伯愈编著.-北京:商务印书馆,1979
    39页;19cm
    
    
    ISBN :CNY0.13
    
●
相关链接 在E读中查询图书 在五车中查询图书 在当当中查询图书 在豆瓣中查询图书


正题名:美语与英语的差异     索取号:H312/190         预约/预借

序号 登录号 条形码 馆藏地/架位号 状态 备注
1 0028691   001866608   密集书库/ [索取号:H312/190] 在馆    
2 0028692   001866555   密集书库/ [索取号:H312/190] 在馆    
3 0028693   001866564   密集书库/ [索取号:H312/190] 在馆    
4 0028694   001866699   密集书库/ [索取号:H312/190] 在馆    
5 0028695   001866706   密集书库/ [索取号:H312/190] 在馆    
6 0028696   001866653   密集书库/ [索取号:H312/190] 在馆    
7 0028697   001866617   密集书库/ [索取号:H312/190] 在馆    
8 0028698   001866573   密集书库/ [索取号:H312/190] 在馆    
9 0028699   001866680   密集书库/ [索取号:H312/190] 在馆    
10 0028700   001866591   密集书库/ [索取号:H312/190] 在馆    
11 0059292   001866635   密集书库/ [索取号:H312/190] 在馆    
12 0059293   001866644   密集书库/ [索取号:H312/190] 在馆    
13 0455409   204554099   密集书库/ [索取号:H312/190] 在馆    
14 0465933   204659333   密集书库/ [索取号:H312/190] 在馆    
15 0465934   204659342   密集书库/ [索取号:H312/190] 在馆    
16 0465935   204659351   密集书库/ [索取号:H312/190] 在馆    
17 0465936   204659360   密集书库/ [索取号:H312/190] 在馆    
18 0465942   204659422   密集书库/ [索取号:H312/190] 在馆    
19 0471887   204718877   密集书库/ [索取号:H312/190] 在馆    
唐山师范学院图书馆 欢迎您!
大连网信软件有限公司© 版权所有